Online
Catalog

The revolt of the masses / (Record no. 7409)

MARC details
000 -CABECERA
campo de control de longitud fija 00590cam a2200181u 4500
001 - NÚMERO DE CONTROL
campo de control 000007629
005 - FECHA Y HORA DE LA ÚLTIMA TRANSACCIÓN
campo de control 20200929154234.0
008 - DATOS DE LONGITUD FIJA--INFORMACIÓN GENERAL
campo de control de longitud fija 830325s1950 nyu 000 0 eng
040 ## - FUENTE DE LA CATALOGACIÓN
Centro catalogador/agencia de origen DO-SdBNP
Lengua de catalogación spa
Centro/agencia transcriptor BNPHU
082 ## - NÚMERO DE LA CLASIFICACIÓN DECIMAL DEWEY
Número de clasificación xxxxxx
Número de documento/Ítem O77R
100 1# - ENTRADA PRINCIPAL--NOMBRE DE PERSONA
Nombre de persona Ortega y Gasset, José,
Fechas asociadas al nombre 1883-1955.
9 (RLIN) 5769
240 00 - TÍTULO UNIFORME
Título uniforme RebeliÓn de las masas.
Lenguaje de la obra English [from old catalog]
245 14 - MENCIÓN DE TÍTULO
Título The revolt of the masses /
Mención de responsabilidad, etc. José Ortega y Gasset.
260 ## - PUBLICACIÓN, DISTRIBUCIÓN, ETC.
Lugar de publicación, distribución, etc. New York :
Nombre del editor, distribuidor, etc. New American Library,
Fecha de publicación, distribución, etc. 1950.
300 ## - DESCRIPCIÓN FÍSICA
Extensión 141 p. ;
Dimensiones 18 cm.
490 1# - MENCIÓN DE SERIE
Mención de serie A mentor book
500 ## - NOTA GENERAL
Nota general Incluye notas al pie de las páginas.
Holdings
Estado de retiro Estado de pérdida Restricciones de uso No para préstamo Código de colección Localización permanente Ubicación/localización actual Ubicación en estantería Fecha de adquisición Número de inventario Total de préstamos Signatura topográfica completa Código de barras Fecha visto por última vez Precio válido a partir de Tipo de ítem Koha
    Préstamo interno Préstamo restrigido Monografías: Libros y Folletos General General En encuadernación 09.09.2009 LF1   xxxxxx O77R 7629-10 25.06.2020 25.06.2020 Préstamo interno

Powered by Koha